000 01182nam a2200277 4500
008
090 _aQR105NAT
111 _aNative aquatic bacteria :enumerative, activity and ecology (:
_d1977 June 25 :
_cMinneapolis)
245 0 0 _aA symposium on Native aquatic bacteria :
_benumeration, activity, and ecology /
_csponsored by ASTM Committee D-19 on Water, American Society for Testing and Materials, Minneapolis, Minn., 25 June 1977 ; edited by J. W. Costerton and R. R. Colwell,
260 _aPhiladelphia, Pa. :
_bThe Society,
_cc1979.
300 _a214 p. :
_bill. ;
_c24 cm.
440 _aASTM special technical publication ; 695.
504 _aIncludes bibliographical references.
650 0 _aWater
_xMicrobiology
_vCongresses.
650 0 _aIndicators (Biology)
_vCongresses.
650 0 _aBacteria
_xEcology
_vCongresses.
700 1 _aCosterton, J. W.
700 1 _aColwell, Rita R.
710 2 _aAmerican Society for Testing and Materials.
_bCommittee D-19 on Water.
907 _a.b1016392x
_b20-06-06
_c24-05-05
003
005 20230123134013.0
040 _cNUST
049 _aMAIN
942 _cBOOKS
_kQR105NAT
999 _c158361
_d158361